[Event "Linares 12th"]
[Site "Linares"]
[Date "1994.??.??"]
[Round "10"]
[White "Lautier, Joel"]
[Black "Topalov, Veselin"]
[Result "1-0"]
[WhiteElo "2625"]
[BlackElo "2640"]
[Annotator "Lautier,J"]
[PlyCount "110"]
[EventDate "1994.02.??"]
[EventType "tourn"]
[EventRounds "13"]
[EventCountry "ESP"]
[EventCategory "18"]
[SourceTitle "CBM 040"]
[Source "ChessBase"]
[SourceDate "1994.06.01"]
[SourceVersion "1"]
[SourceVersionDate "1994.06.01"]
[SourceQuality "1"]

1. d4 {Stohl} e6 2. c4 b6 3. Nc3 (3. Nf3 {Stohl} Bb7 4. g3 Bxf3 5. exf3 Nf6 6.
Nc3 c6 7. Bg5 Be7 8. Bd3 d5 9. O-O dxc4 10. Bxc4 O-O 11. Re1 h6 12. Be3 Nd5 13.
Rc1 Bb4 14. Re2 Ne7 15. a3 Bxc3 16. Rxc3 a5 17. Ba2 Nd7 18. Qd3 Nf6 19. Bb1 Qd7
20. Rc1 Rfd8 $13 {Danielsen,H-Olafsson,H/Akureyri/1994/}) (3. e4 {Stohl} Bb7 4.
d5 exd5 5. exd5 Bb4+ 6. Bd2 Qe7+ 7. Be2 c6 8. Nh3 Nf6 9. O-O O-O 10. Bf3 Bxd2
11. Qxd2 Na6 12. Nc3 Qb4 13. b3 cxd5 14. Rad1 Ne4 15. Bxe4 dxe4 16. Nf4 Rad8
17. Qd4 f5 18. Nb5 Qc5 19. Nxa7 g5 20. Nd5 $36 {Moskalenko,V-Lempert,I/
Alushta1/1994/}) 3... Bb7 4. a3 f5 5. d5 Nf6 6. g3 g6 (6... Bc5 {Stohl} 7. Bg2
O-O 8. e3 a5 9. Nge2 Na6 10. O-O Qe8 11. Qc2 Rb8 12. h3 h5 13. h4 $6 Ng4 14.
Bd2 e5 15. e4 f4 $1 16. gxf4 Qe7 17. Qd3 Qxh4 18. Qh3 Bxf2+ 19. Kh1 Nc5 20. b4
axb4 21. axb4 Nb3 $19 {Ivanov,Vi-Lempert,I/Moscow/1994/}) (6... Na6 7. Bg2 Nc5
8. Nh3 Bd6 9. O-O Be5 10. Qc2 O-O 11. Nf4 Qe7 12. Be3 Nce4 13. Nxe4 Nxe4 14.
Rad1 c5 15. Bc1 g5 16. Nd3 Bd4 17. e3 Bg7 18. f3 Nd6 19. e4 Bd4+ 20. Kh1 g4 21.
exf5 gxf3 22. Bxf3 Rxf5 23. Nf4 Raf8 24. Bg2 $14 {Naumkin,I-Lempert,I/Moscow/
1994/}) (6... a5 {Stohl} 7. Bg2 Na6 8. Nf3 Bd6 9. O-O Qe7 10. Nb5 O-O 11. Nxd6
Qxd6 12. Bf4 Qc5 13. Rc1 Ne4 14. Nd4 Qe7 15. Nb5 d6 16. Be3 Rae8 17. Qc2 Qf7
18. dxe6 Rxe6 19. Nd4 Re7 20. Rcd1 Qh5 21. Bc1 $14 {^^,Gurevich,M-Teske,H/BL
9192/1991/}) 7. Bg2 Bg7 8. e3 (8. Nh3 {Stohl} O-O 9. O-O Na6 10. Qc2 Nc5 11.
Be3 exd5 12. cxd5 Nce4 13. Rfd1 Re8 14. Rac1 Rc8 15. Nxe4 Nxe4 16. b4 Qf6 17.
Bd4 Qd6 18. e3 Bxd4 19. Rxd4 Re5 20. Rcd1 Qf6 21. f4 Re7 22. Bxe4 fxe4 23. Nf2
$16 {Epishin,V-Muhutdinov,M/Moscow Tal/1992/}) (8. Nf3 {Stohl} O-O 9. O-O Na6
10. Bf4 Nc5 11. Nb5 d6 12. dxe6 Nfe4 13. Nbd4 Qe7 14. Be3 Nxe6 15. Nxe6 Qxe6
16. Bd4 Bh6 17. b3 c5 18. Bb2 Rad8 19. e3 d5 $132 {Baburin,A-Lempert,I/
Budapest Festival/1991/}) 8... O-O 9. Nge2 e5 (9... c6 $1 10. O-O cxd5 11. cxd5
Na6 $10) 10. O-O d6 11. e4 $14 fxe4 12. Nxe4 Nxe4 13. Bxe4 Nd7 14. Nc3 (14. b4
{Stohl} a5 15. Be3 $14) 14... Bc8 15. Bg2 (15. h4 $5 Nf6 16. Bg5 $14) 15... Nf6
16. h3 Rf7 $1 17. Be3 Qf8 18. Qd2 a5 19. b4 (19. b3 $5 $14 {Stohl /\Rfc1,b4})
19... Ba6 20. Nb5 (20. b5 {Stohl} Bc8 $10) 20... Kh8 $1 {/\ Ng8, Bh6} 21. Rfc1
(21. bxa5 Bxb5 22. cxb5 Rxa5 23. a4 Ng8 24. Rfc1 Bh6 $10) (21. Rfb1 {/\ ba5}
Bxb5 22. cxb5 Ng8 $10) 21... Ng8 22. Ra2 Bh6 23. Rac2 Bxe3 24. Qxe3 axb4 25.
axb4 Bxb5 26. cxb5 Ra7 $10 27. Qc3 $1 {/\ f4} (27. h4 {Stohl} Nh6 28. Bh3 Nf5
$10) 27... Qg7 28. Ra1 Rxa1+ 29. Qxa1 h5 $1 30. Qc1 Qf6 {/\ h4} (30... Nh6 $142
{Stohl /\Nf5-d4=}) 31. h4 Qf5 (31... Kg7 {Stohl} 32. Bh3 $36) 32. Kh2 $8 {
/\ Bh3} Nf6 33. Bh3 (33. Rxc7 $2 {Stohl} Ng4+ $36) 33... Ng4+ (33... Qe4 {Stohl
} 34. Be6 $40) 34. Bxg4 hxg4 (34... Qxg4 35. Qh6+ Kg8 36. Ra2 Rf8 $10) 35. Kg1
Kg7 36. Qd2 g5 $5 (36... Qe4 37. Rc1 $10) (36... e4 {Stohl} 37. Rc4 $16) (36...
Kh7 {Stohl} 37. Rc4 Qf3 $5 $14) 37. hxg5 (37. Qxg5+ $6 {Stohl} Qxg5 38. hxg5
Kg6 $10) 37... Kg6 38. Rc4 Rh7 $6 {Zeitnot} (38... Qxg5 $2 39. Qc2+ (39. Qe2
$36 {Stohl ע}) 39... Kh6 40. Rxc7 $18) (38... Qb1+ 39. Kg2 (39. Rc1 Qe4 {
/\ Rh7}) 39... Rh7 40. Qc2+ Qxc2 41. Rxc2 Kxg5 42. Kf1 Kf5 43. Rc4 $10) 39. Qd1
$1 Kxg5 (39... Qf3 40. Qc2+ $1 (40. Qxf3 {Stohl} gxf3 41. Rh4 Re7 $13) 40...
Qf5 41. Rxc7 $18) 40. Qc1+ Kg6 41. Rxc7 Rxc7 $4 (41... Qe4 $1 42. Rxh7 $8 Kxh7
43. Qc7+ Kg8 $1 44. Qxb6 (44. Qxd6 Qb1+ 45. Kg2 Qe4+ 46. Kf1 Qd3+ 47. Ke1 Qe4+
48. Kd2 Qd4+ $10) 44... Qb1+ 45. Kg2 (45. Kh2 Qh7+ $10) 45... Qe4+ 46. Kf1 Qd3+
47. Ke1 Qc3+ 48. Ke2 Qc2+ 49. Ke3 Qc3+ 50. Ke2 $10 (50. Ke4 $4 Qf3#)) 42. Qxc7
$18 Qb1+ (42... Kg5 43. Qd8+ $1 (43. Qxb6 $2 Qb1+ 44. Kh2 Qh7+ 45. Kg2 Qe4+ $10
) 43... Qf6 44. Qxb6 $18) 43. Kh2 Qxb4 44. Qxb6 Kf5 45. Qa7 $1 (45. Qc6 {Stohl}
Qd4 $1 46. Qc2+ Kg5 $14) 45... Qxb5 46. Qh7+ Kf6 (46... Kg5 47. Qe7+ Kf5 48.
Qxd6 {See the game}) 47. Qh6+ Kf5 (47... Ke7 {Stohl} 48. Qe6+ $18) 48. Qxd6 Qe2
(48... Ke4 $142 49. Qg6+ (49. Qe6 $2 Qe2 (49... Qxd5 $2 50. Qxg4+ Kd3 51. Qd1+
$18) 50. Qf7 Qc4 $1 51. Qd7 (51. Qg8 Qe2 $1 $10) 51... Qe2 $1 $10) 49... Kxd5
50. Qxg4 $18 {/\ Qf5, g4}) 49. Qf8+ Kg5 50. d6 Qd2 51. Qg7+ Kf5 52. Qf7+ Kg5
53. d7 Qd4 (53... e4 {Stohl} 54. Qf4+ $18) 54. Qg7+ Kh5 (54... Kf5 {Stohl} 55.
Qf8+ {/\d8Q}) 55. Qh7+ Kg5 (55... Kg5 56. d8=Q+ $1 Qxd8 57. Qh4+ $18) 1-0

[Event "Olympiad-32"]
[Site "Yerevan"]
[Date "1996.10.01"]
[Round "14.1"]
[White "Yrjola, Jouni"]
[Black "Kengis, Edvins"]
[Result "1/2-1/2"]
[WhiteElo "2435"]
[BlackElo "2560"]
[Annotator "Lempert,I"]
[PlyCount "81"]
[EventDate "1996.09.15"]
[EventType "team-swiss"]
[EventRounds "14"]
[EventCountry "ARM"]
[SourceTitle "CBM 055"]
[Source "ChessBase"]
[SourceDate "1996.12.01"]
[SourceVersion "1"]
[SourceVersionDate "1996.12.01"]
[SourceQuality "1"]
[WhiteTeam "Finland"]
[BlackTeam "Latvia"]
[WhiteTeamCountry "FIN"]
[BlackTeamCountry "LAT"]

1. d4 e6 2. c4 b6 3. e4 Bb7 4. Bd3 Nc6 $6 (4... f5) 5. Ne2 $1 g6 (5... Nb4 6.
O-O Nxd3 7. Qxd3 d6 8. Nbc3 Nf6 9. d5 $1 Be7 10. Nd4 Qd7 11. b3 (11. f4 exd5
12. cxd5 h5 $6 13. a4 h4 14. h3 O-O 15. b3 $16 {Anastasian,A-Kengis,E/Katowice/
1993/}) 11... c6 12. dxc6 Bxc6 13. Ba3 $1 $14 {Epishin,V-Ehlvest,J/Novosibirsk/
1993/}) 6. Nbc3 Bg7 7. Be3 Nge7 8. Rc1 d5 9. cxd5 exd5 10. e5 Qd7 11. O-O O-O
12. Nf4 a6 13. Be2 $1 $16 Nd8 14. Bg4 Ne6 15. b4 Rad8 16. Nce2 (16. a4 $5)
16... Bc6 17. Qc2 Bb5 18. Nxe6 fxe6 19. Qxc7 Nf5 20. Qxd7 (20. Qxb6 Rb8 21. Qa5
Nxe3 22. fxe3 h5 23. Rxf8+ Rxf8 24. Bf3 Rxf3 25. gxf3 Bxe2 26. Rc7 Qe8 $13)
20... Rxd7 21. Rfe1 Bc4 22. Nf4 Kf7 23. a3 Ra8 24. Be2 b5 25. Nd3 a5 26. Nc5
Rda7 27. a4 $2 (27. Bg4 $5) 27... Bxe2 28. Rxe2 axb4 29. axb5 Rb8 30. Rb2 Rxb5
31. Kf1 Rc7 32. Rcb1 $6 (32. Nd3) 32... Bxe5 $1 $15 33. Na6 Ra7 34. dxe5 Rxa6
35. Rxb4 Rxb4 36. Rxb4 Nxe3+ 37. fxe3 g5 38. g4 Kg6 39. h3 h5 40. Kf2 Rc6 41.
Kf3 1/2-1/2

[Event "EU-ch 12th"]
[Site "Aix les Bains"]
[Date "2011.03.22"]
[Round "1"]
[White "Laznicka, Viktor"]
[Black "Telljohann, Sven"]
[Result "1/2-1/2"]
[WhiteElo "2688"]
[BlackElo "2415"]
[Annotator "Marchand,A/Primel,D"]
[PlyCount "73"]
[EventDate "2011.03.22"]
[EventType "swiss"]
[EventRounds "11"]
[EventCountry "FRA"]
[SourceTitle "CBM 142 Extra"]
[Source "ChessBase"]
[SourceDate "2011.06.27"]
[SourceVersion "1"]
[SourceVersionDate "2011.06.27"]
[SourceQuality "1"]
[TimeControl "40/5400+30:1800+30"]

1. d4 g6 2. c4 Bg7 3. Nf3 c5 4. d5 ({RR} 4. e4 cxd4 5. Nxd4 Nc6 6. Be3) 4... d6
5. e4 (5. Qc2 $5 e5 6. Nc3 f5 7. e4 h6 {[%csl Gg5]} 8. g3 $1 {[%cal Gf1h3,
Gf3h4]} Ne7 {[%cal Ge7g6,Ge7f5]} 9. Nh4 O-O 10. Bd3 $14 (10. exf5 gxf5 11. Bd3
e4 12. Be2 Nd7 {[%csl Gd3][%cal Gd7e5]}) 10... f4 11. gxf4 exf4 12. e5 $1 {
[%csl Rg6]} g5 13. exd6 (13. e6 $1 {[%csl Rb8,Gd7]} gxh4 14. Rg1 Kh8 15. Bd2 a6
16. O-O-O $44) 13... Qxd6 14. Ne4 Qb6 15. d6 Nec6 16. Ng6 Rf7 17. h4 Bf5 18.
Ne7+ Nxe7 19. dxe7 Rxe7 {Lasinskas,P (2234)-Telljohann,S (2408)/ Germany 2003/
EXT 2005/0-1 (34)}) (5. Nc3 Bxc3+ $1 6. bxc3 f5 (6... Qa5 7. Qb3 f5 8. e3 (8.
g3) 8... Nf6 9. Bd3 Nbd7 10. O-O Nb6 11. Nd2 Bd7 (11... Qa6 12. Bc2 (12. f3 $2
Nfxd5 {[%csl Rd3]})) 12. f3 Ba4 (12... O-O-O 13. e4) 13. Qb2 O-O-O (13... Qa6
14. e4) 14. e4 fxe4 15. fxe4 Rdf8 16. e5 $1 Ng4 (16... dxe5 17. Nb3 Qa6 18.
Nxc5) 17. exd6 exd6 18. Nb3 Qa6 19. Bf4 $2 Nxd5) 7. g3 (7. h4 Nf6 8. Bh6 (8. h5
Rg8 9. hxg6 hxg6) 8... Qa5 9. Qc2 Nbd7 10. e3 Nb6 11. Bd3 Bd7 12. O-O O-O-O 13.
Rfe1 Qa4 14. Nd2 Qxc2 $15 {Doric,D (2420)-Sulava,N (2489) CRO-chT 15th 2006 (7)
0-1}) (7. Qa4+ $5 Bd7 8. Qb3 Qa5 9. Nd2 Nf6 (9... Na6 10. e4 $14)) (7. Qc2 Nf6
(7... Qa5) 8. Bh6 Qa5 9. e3 Nbd7 10. h3 Nb6 11. Bd3 Bd7 12. O-O Qa4 13. Qb3 Ne4
14. Bxe4 fxe4 15. Nd2 O-O-O 16. f3 $1 $14 {Alburt,L (2535)-Vigorito,D New York
op 1993 (4) 1-0}) 7... Qa5 8. Qc2 (8. Qb3 Nf6 9. Bg2 Nbd7 10. O-O Nb6 11. Nd2
Bd7 12. Re1 Ba4 13. Qb2 O-O 14. e4 $6 fxe4 15. Bf1 (15. Nxe4 Nxc4) 15... Qa6
16. Nxe4 Nxc4 17. Nxf6+ exf6 18. Re6 Nxb2 19. Bxa6 bxa6 20. Bxb2 Bb5 (20...
Rad8 21. c4 {[%csl Gb2]}) 21. Rxd6 Rad8) 8... Nf6 9. Bg2 Nbd7 $1 {[%csl Rc4]
[%cal Gd7b6]} 10. O-O Nb6 {[%csl Rc4][%cal Ga5a6]} 11. Nd2 Qa4 (11... Bd7 12.
Re1 O-O-O $132 13. Rb1 Rhe8 (13... Qa4 14. Qb3 Rhe8 15. e4) 14. Nb3 Qa4)) 5...
Bg4 (5... e6 6. Nc3 exd5 7. cxd5 a6 8. a4 Bg4 (8... Nf6 {Retombe sur une
grande ligne de la Benoni} 9. Bf4 O-O 10. Be2) 9. Be2 Nf6 (9... Nd7 10. O-O
Ngf6 11. Bf4 Qe7 (11... Bxf3 12. Bxf3 Qe7 13. a5 O-O 14. Re1 Rab8 15. Qc2 Ne8
16. Be2 Nc7 {[%cal Gc7a6]} 17. h3 b5 18. axb6 Rxb6 19. Bf1 Rfb8 $132)) 10. Bf4)
6. Be2 a6 ({RR} 6... Nd7 7. O-O Bxf3 8. Bxf3 Ngf6 9. Nc3 O-O 10. Bg5 h6 11. Be3
a6 12. Be2 Rb8 13. a4 Kh7 14. f4 Ne8 15. Rf3 e6 16. dxe6 fxe6 17. Qd2 Ndf6 18.
Rh3 Ng8 19. Rf1 Qb6 20. Bg4 d5 21. cxd5 {Trifunovic,P-Wade,R/Palma de Mallorca
1966/EXT 1998/1-0 (31)}) 7. Nc3 Nd7 8. O-O Ngf6 9. Ng5 $146 {[%cal Gf2f4]} (9.
Bg5 O-O {Belov,V (2620)-Williams,S (2452) Hastings Masters op 2005 (6) 1-0}) (
9. a4 O-O {Toth,A (2419)-Kulaots,K (2530) Paks Cup GM 7th 2003 (8) 1/2}) 9...
Bxe2 10. Qxe2 h6 11. Nh3 O-O 12. f4 Ne8 13. a4 Nc7 14. a5 (14. e5 $5 dxe5 15.
f5 {[%cal Gc3e4]}) 14... Rb8 15. Ra3 b5 16. axb6 Rxb6 17. Nd1 e6 18. Rg3 (18.
f5 Ne5 19. Rg3 $14 {[%csl Rg6]}) 18... exd5 19. exd5 Qe8 20. Qc2 f5 {[%csl Re6]
} 21. Nhf2 (21. Kh1 $5 {[%cal Gg3e3,Ge3e8]} Qf7 22. Re3 Bd4) 21... Qf7 22. Rf3
{[%csl Rf3]} Nf6 23. Ne3 h5 24. g3 Re8 25. h3 Ne4 26. g4 h4 27. gxf5 gxf5 28.
Nxe4 Rxe4 29. Kh1 Qh5 30. Qg2 Ne8 31. Qg5 Qxg5 {Les derniers coups ont été
joués avec moins d'une minute pour les deux adversaires} (31... Rb3 {La
variante sauvegardée а tort par le plateau DGT qui "oublie" le coup 31 Qg5
jouée dans la partie.} 32. Bd2 Rxb2 33. Be1 Rb3 34. Ng2 Rxf3 35. Rxf3 Rxc4 36.
Bxh4 a5) 32. fxg5 Rb3 33. Bd2 Rxb2 34. Be1 Rb3 35. Ng2 Rxf3 36. Rxf3 Rxc4 37.
Bxh4 1/2-1/2

[Event "Gibraltar Masters 10th"]
[Site "Caleta"]
[Date "2012.01.29"]
[Round "6"]
[White "Koneru, Humpy"]
[Black "Short, Nigel D"]
[Result "0-1"]
[WhiteElo "2589"]
[BlackElo "2677"]
[Annotator "Marin,M"]
[PlyCount "90"]
[EventDate "2012.01.24"]
[EventType "swiss"]
[EventRounds "10"]
[EventCountry "GGB"]
[SourceTitle "CBM 147"]
[Source "ChessBase"]
[SourceDate "2012.03.16"]
[SourceVersion "1"]
[SourceVersionDate "2012.03.16"]
[SourceQuality "1"]

1. d4 Nc6 $5 {Nigel plays this once in a while, probably aiming to start the
over-the-board play as soon as on the second move. I am not sure about how
this opening should be called, but it can lead to positions which are
characteristic for different systems of development.} ({For instance, the game
structure will be similar to that from the Accelerated Bogoindian variation
examined in one of my recent surveys:} 1... e6 2. c4 Bb4+ 3. Bd2 a5 4. Nf3 d6
5. g3 Nc6 6. Bg2 e5 7. Bxb4 axb4 8. d5) 2. c4 (2. d5 {would lead to some sort
of mirrored Alekhine Defence. Here is a typical example from Nigel's practice:}
Ne5 3. e4 e6 4. dxe6 dxe6 (4... fxe6 {Volkov,S (2629)-Savchenko,B (2569)/
Moscow 2006/CBM 112/[Stohl] (1-0, 37)}) 5. Qxd8+ Kxd8 6. f4 Nc6 7. c3 (7. Nf3
Nf6 8. Bd3 Bc5 9. c3 {Miles,A (2565)-Mestrovic,Z (2435)/Lone Pine 1978/MCL 
(1-0, 35)}) 7... Bc5 8. Nf3 a5 9. a4 Nh6 {The reader may be familiar with this
way of developing the king's knight from my aforementioned article.} 10. Bd3 f6
11. Ke2 Ke7 12. Na3 Bd7 13. Nc4 Nf7 {Black's position is slightly restrained,
but his pieces are harmoniously developed and the threat ...g5 creates chances
for counterplay.} 14. h4 h5 15. Be3 Bxe3 16. Nxe3 b6 17. Rhg1 g5 18. g3 g4 19.
Nd4 Nd6 {Gordon,S (2533)-Short,N (2687)/Sheffield 2011/CBM 143 Extra (1/2, 53)}
) ({The best way to avoid early central tension is} 2. Nf3 {Black seems to
have nothing better than transposing to a Chigorin Defence with} d5 {, having
avoided some of the most dangerous white systems.}) ({Personally, I would be
more worried about} 2. e4 {I guess I would choose} e5 {with an open invitation
to the Scotch game, but what about:} 3. dxe5 Nxe5 4. Nf3 (4. Bf4 Ng6 5. Bg3 Nf6
6. Bd3 {Shabalov,A (2601)-Benjamin,J (2577)/Seattle 2000/CBM 080/[Mueller,
Karsten] (0-1, 27)}) 4... Qf6 5. Nxe5 Qxe5 6. Bd3 {Hector,J (2538)-Gausel,E 
(2533)/Aarhus 2003/CBM 098/[Mueller,Karsten] (1-0, 47)}) 2... e5 3. d5 (3. dxe5
Nxe5 {leads to a Budapest gambit structure. Black doesn't need to spend time
with his king's knight for retrieving the e5-pawn, so that his play is
relatively easy.} 4. e3 Nf6 5. Nc3 Bb4 6. Bd2 c6 7. Be2 d6 8. Nf3 O-O 9. O-O
Ba5 10. Qc2 Bc7 11. Nxe5 $6 (11. Nd4) 11... dxe5 12. e4 Bb6 $15 {Zedek,A (2275)
-Sadler,M (2560)/Ischia 1994/EXT 98 (0-1, 33)}) 3... Nce7 4. Nc3 Ng6 5. g3 {
A solid way of developing.} ({Since Black intends to develop his bishop to
either b4 or c5,} 5. a3 {makes some sense. In practice it has been rarely seen.
In the following game Black didn't make use of the extra-tempo too effectively:
} f5 6. Nf3 Nf6 7. g3 Be7 8. h4 $14 {Cramling,P (2535)-Wallin,P (2095)/
Norrkoeping 1998/EXT 2000 (1-0, 22)}) (5. e4 {seems to be playing into Black's
hands:} Bb4 6. Nge2 a5 7. Be3 d6 8. a3 Bc5 9. Bxc5 dxc5 10. g3 Nh6 11. Bg2 O-O
12. O-O f5 $132 {Enders,P (2535)-Sadler,M (2665)/Germany 1998/GER-chT (0-1, 40)
}) 5... a5 $146 {A new move in this position , although the idea is typical
for the structure in general. I am not sure which were Nigel's reasons to
advance his a-pawn at this height of the game.} ({True,} 5... Bb4 {offered
White an advantage after} 6. Qc2 Nf6 7. a3 Bxc3+ 8. Qxc3 O-O 9. h4 Ne4 10. Qc2
f5 11. Bg2 d6 12. Nh3 h6 13. h5 Ne7 14. Bxe4 fxe4 15. Qxe4 Bf5 16. Qg2 Bg4 17.
f3 Bxh5 18. Ng5 $1 $14 {Agrest,E (2465)-Miles,A (2565)/Muenster 1993/EXT 99 (1/
2, 41)}) ({I did not find any drawbacks of} 5... Bc5 {, though. For instance,}
6. Na4 ({If} 6. Bg2 {, the least Black could do is transposing to the game with
} a5) 6... Bb4+ 7. Bd2 Bxd2+ 8. Qxd2 d6 9. Nc3 f5 10. h4 h6 11. e4 Nf6 12. Bd3
Ne7 13. O-O-O O-O 14. Rf1 a6 15. f3 fxe4 16. Nxe4 b5 $36 {Tsatsalashvili,K 
(2231)-Gvetadze,S (2377)/Tbilisi 2009/CBM 128 Extra (0-1, 56)}) 6. Bg2 Bc5 7.
Na4 {I assume that Koneru did not anticipate her later problems with
re-locating the knight.} (7. Nf3 d6 8. h4 {deserves attention.}) 7... Bb4+ 8.
Bd2 d6 9. Bxb4 axb4 10. b3 {This leaves White with a backward pawn on a2.} ({
The position was not ripe for getting rid of it, though.} 10. a3 bxa3 11. Rxa3
Bd7 12. Qb3 Ra6 13. Nc3 Qa8 14. Rxa6 Qxa6 {It looks quite probable that Black
will keep the control of the a-file, while on the kingside his position is at
least not worse.}) 10... Bd7 11. Nb2 Ra3 12. Nf3 (12. c5 dxc5 13. Nc4 {looks
premature. After} Ra6 $15 {Black's position is quite stable.}) 12... Qa8 {
In principle, Black has little to complain about. However, the big fight is
just about to start.} 13. Qb1 $5 {White has spotted Black's only (relative)
weakness, the b4-pawn. Her plan of attacking it while keeping the a2-pawn
defended looks rather unnatural, but is not easy to meet in practice.} ({
The exchange of the weak pawns with} 13. Nd2 Rxa2 14. O-O Nf6 15. Nd3 Qa5 16.
Rxa2 Qxa2 17. Nxb4 Qa5 18. Nd3 O-O {once again leaves Black with a comfortable
position.}) 13... Nf6 14. O-O Bg4 {In principle, Black would be glad to give
up his bishop for a knight, in order to get better chances for a blockade on
dark squares. It is not clear yet, though, which of the knights is more
dangerous and should be eliminated. I assume that the last move was also
aiming at preventing the knight transfer to d3.} ({A simpler plan would have
been} 14... O-O 15. Ne1 b5 16. cxb5 Bxb5 17. Nc2 Ra7 18. Re1 Rb8 $133) 15. Nd1
$1 {The reserve knight prepares to attack the b-pawn. Although Black has two
tempi at his disposal, the threat is by no means easy to parry.} O-O 16. Ne3
Qa5 {Defending the pawn and preparing an interesting exchange sacrifice.} 17.
Nc2 Bf5 {The bishop changes its target right in time.} 18. Nfe1 {But now the
king's knight becomes the reserve one, and quite effectively!} Ra8 19. e4 {
All forced.} Bxe4 20. Bxe4 Nxe4 21. Nxa3 Nd2 22. Qc2 $6 ({For some hidden
reasons,} 22. Qd3 {was better.} bxa3 23. b4 Qxb4 24. Nc2 e4 ({The point is
that Black cannot react as in the game with} 24... Qa5 $2 {because of} 25. Rfd1
$18 {The f3-square is defended and the knight is trapped.}) 25. Nxb4 exd3 26.
Rfd1 Ne5 27. Nxd3 Nexc4 $45 {Black's compensation is out of question, but
White has her trumps, too.}) 22... bxa3 23. b4 Qxb4 24. Nd3 Qa5 25. Rfd1 Nf3+ {
With the white queen on c2, the knight has a wonderful trayectory for his
retreat.} 26. Kg2 Nd4 27. Qd2 Qa6 $15 {The tactical phase is over. Black has
two pawns for the sacrificed exchange and a very compact structure (no pawn
missing yet!) I assume that the following phase was played in mutual time
trouble. For a while, the evaluation will oscilate between slight advantage
for Black and counterplay for White.} 28. Nb4 Qxc4 (28... Qa4 $5 $15) 29. Rac1
Qb5 30. Rxc7 h6 31. Qc3 Ra4 32. Rxd4 $5 {Eliminating the monster knight.} exd4
33. Qf3 Qe8 34. Rxb7 (34. Qf5 Ra8 (34... Rxb4 35. Rc8 Qxc8 36. Qxc8+ Kh7 37.
Qa8 d3 38. Qxa3 Rd4 39. Qb2) 35. Nc2 Ne5 36. Nxd4 Qa4 $132) 34... Ne5 35. Qb3
Ra8 $17 36. Na6 Qd8 (36... d3 $1 $19) 37. Nc7 Rc8 38. Nb5 d3 39. Nxa3 d2 (39...
Qf6 $19) 40. Nb1 Nc4 41. Qd3 Qa5 42. Re7 $2 Qb4 $1 43. Qf5 Rf8 44. Qc2 Rb8 45.
Nc3 (45. Qf5 Ne5) 45... Qb2 0-1